[Event "GER Seniors Derby 13th"]
[Site "Wesel Undeloh"]
[Date "2014.05.09"]
[Round "5"]
[White "Stuerc, Richard"]
[Black "Wulf, Birgit"]
[Result "1/2-1/2"]
[WhiteElo "1582"]
[BlackElo "1303"]
[PlyCount "62"]
[EventDate "2014.05.07"]
[EventType "swiss"]
[EventRounds "9"]
[EventCountry "GER"]
[SourceTitle "EXT 2018"]
[Source "ChessBase"]
[SourceDate "2017.10.13"]
[SourceVersion "1"]
[SourceVersionDate "2017.10.13"]
[SourceQuality "1"]

1. c4 e5 2. Nc3 Nf6 3. Nf3 Nc6 4. g3 Bb4 5. Bg2 0-0 6. 0-0 d6 7. a3 Bxc3 8. dxc3 Bf5 9. Be3 Qd7 10. Bg5 Ne4 11. Be3 Bh3 12. Bxh3 Qxh3 13. Ng5 Nxg5 14. Bxg5 Qg4 15. Bd2 Qxc4 16. e3 Qd3 17. Bc1 Qxd1 18. Rxd1 Rad8 19. e4 f5 20. exf5 Rxf5 21. Be3 b6 22. b4 d5 23. b5 Na5 24. g4 Rf7 25. Ra2 c5 26. bxc6 Nxc6 27. Rad2 Rfd7 28. Bg5 Ne7 29. Bxe7 Rxe7 30. Rxd5 Rxd5 31. Rxd5 Kf7 1/2-1/2

[Event "GER Seniors Derby 13th"]
[Site "Wesel Undeloh"]
[Date "2014.05.08"]
[Round "3"]
[White "Stuerc, Richard"]
[Black "Jacob, Karl Heinz"]
[Result "1/2-1/2"]
[WhiteElo "1582"]
[BlackElo "1797"]
[PlyCount "51"]
[EventDate "2014.05.07"]
[EventType "swiss"]
[EventRounds "9"]
[EventCountry "GER"]
[SourceTitle "EXT 2018"]
[Source "ChessBase"]
[SourceDate "2017.10.13"]
[SourceVersion "1"]
[SourceVersionDate "2017.10.13"]
[SourceQuality "1"]

1. c4 e5 2. Nc3 Nf6 3. Nf3 d6 4. d4 exd4 5. Nxd4 Be7 6. g3 0-0 7. Bg2 Nbd7 8. 0-0 a6 9. Nf5 Ne5 10. Nxe7+ Qxe7 11. b3 Rb8 12. Bg5 h6 13. Nd5 Qd8 14. Nxf6+ gxf6 15. Bxh6 Re8 16. f4 Ng4 17. f5 Nxh6 18. Rf4 Kg7 19. Rh4 Rh8 20. Qd2 Rh7 21. Rf1 Qh8 22. e4 Ng8 23. Rg4+ Kf8 24. h3 Rg7 25. Rh4 Rh7 26. Rg4 1/2-1/2